000 00577nam a22002177a 4500
001 87344
003 UA-OsUOA
005 20211108221249.0
007 ta
008 20120918b un ||||| |||| 00| 0 ukr d
040 _aUA-OsUOA
_brus
_cUA-OsUOA
_dUA-OsUOA
041 _arus
080 _a94(47+571)
090 _a94(47+571)
_bМ43
245 _aМеждународная солидарность трудящихся 1917-1923
260 _aК.
_bНаукова думка
_c1978
300 _a352 с.
650 7 _a94 Історія
_2UDC
942 _cBK
_2udc
955 _a4
999 _c373586
_d373586